|
|
|
|
| LEADER |
00000nab a2200000 a 4500 |
| 001 |
vtls000427815 |
| 003 |
SK-MaSNL |
| 005 |
20260304220408.0 |
| 008 |
120925c1991 xo 0 slo |
| 015 |
|
|
|a SNBRB19rr/mm-uuuuu
|
| 035 |
|
|
|a CL0427943
|
| 040 |
|
|
|a SNKBUCL
|b slo
|c SNKBUCL
|e AACR2
|
| 041 |
|
|
|a slo
|
| 044 |
|
|
|a xo
|c SK
|
| 080 |
|
|
|a 730:069.5
|2 1981
|
| 080 |
|
|
|a 069.5
|2 1981
|
| 080 |
|
|
|a 069.6.02
|2 1981
|
| 080 |
|
|
|a 73/76
|2 1981
|
| 100 |
1 |
|
|a Pastorák, Michal
|4 aut
|9 727750
|
| 245 |
1 |
0 |
|a Naši v konfrontácii uspeli
|b sochy Prešovského výtvarného salónu
|c Michal Pastorák
|
| 300 |
|
|
|b Obr. 2.
|
| 610 |
2 |
7 |
|a Galéria výtvarného umenia (Prešov, Slovensko)
|2 snkbucl
|9 171874
|
| 611 |
2 |
7 |
|a Prešovský výtvarný salón-sochársky
|n (5. :
|d 1991 :
|c Prešov, Slovensko)
|2 snkbucl
|9 556037
|
| 655 |
|
7 |
|a články z novín a časopisov
|2 snkbucl
|9 267496
|
| 655 |
|
7 |
|a výstavy
|2 snkbucl
|9 306042
|
| 773 |
0 |
|
|t Slovenský východ
|g Roč. 1/20, č. 198 (24. 8. 1991), s. 4
|
| 850 |
|
|
|a Slovenská národná knižnica
|
| 852 |
|
|
|a Slovenská národná knižnica
|
| 958 |
|
|
|a RK
|
| 992 |
|
|
|a RBX
|
| 999 |
|
|
|c 3151821
|d 3153751
|